[Event "Winnipeg TNT October op"]
[Site "Winnipeg"]
[Date "2014.10.14"]
[Round "2.4"]
[White "Green, Jim"]
[Black "Evans, Jason"]
[Result "1-0"]
[WhiteElo "1882"]
[BlackElo "1517"]
[PlyCount "69"]
[EventDate "2014.10.07"]
[EventType "swiss"]
[EventRounds "4"]
[EventCountry "CAN"]
[SourceTitle "EXT 2022"]
[Source "ChessBase"]
[SourceDate "2021.10.06"]
[SourceVersion "1"]
[SourceVersionDate "2021.10.06"]
[SourceQuality "1"]

1. e4 e6 2. d3 d5 3. Nd2 Nf6 4. Be2 c5 5. Ngf3 Nc6 6. 0-0 Be7 7. Re1 0-0 8. exd5 exd5 9. h3 b6 10. c3 d4 11. c4 Bf5 12. Nh4 Qd7 13. Nxf5 Qxf5 14. Bf3 Ne5 15. Bxa8 Rxa8 16. Nf3 Nfd7 17. Qe2 Bf6 18. Nxe5 Re8 19. f4 Bxe5 20. fxe5 Rxe5 21. Qf1 Rxe1 22. Qxe1 Qxd3 23. Qe8+ Nf8 24. Bg5 f6 25. Rf1 Qg6 26. Qxg6 Nxg6 27. Bd2 Ne5 28. b3 Kf7 29. Bf4 Ke6 30. Bxe5 fxe5 31. Kf2 e4 32. Ke2 g5 33. g4 a6 34. Rf8 b5 35. Re8+ 1-0

[Event "Winnipeg TNT April op"]
[Site "Winnipeg"]
[Date "2014.04.22"]
[Round "4.5"]
[White "Evans, Jason"]
[Black "Wolchock, Theo"]
[Result "0-1"]
[WhiteElo "1417"]
[BlackElo "1933"]
[PlyCount "74"]
[EventDate "2014.04.01"]
[EventType "swiss"]
[EventRounds "5"]
[EventCountry "CAN"]
[SourceTitle "EXT 2022"]
[Source "ChessBase"]
[SourceDate "2021.10.06"]
[SourceVersion "1"]
[SourceVersionDate "2021.10.06"]
[SourceQuality "1"]

1. e4 e5 2. Nf3 d6 3. d3 Nc6 4. c3 f5 5. Be2 Nf6 6. Bg5 Be7 7. Nbd2 fxe4 8. dxe4 Be6 9. 0-0 0-0 10. Bc4 Bxc4 11. Nxc4 Kh8 12. Re1 Ng4 13. Bxe7 Nxe7 14. Ne3 Nxe3 15. Rxe3 Qe8 16. Ng5 Qg6 17. Nh3 h6 18. Qe2 Rf6 19. Rg3 Qf7 20. b3 Ng6 21. Qb5 c6 22. Qd3 d5 23. Re3 Nf4 24. Nxf4 exf4 25. Rf3 dxe4 26. Qxe4 Re8 27. Qd4 b6 28. Kf1 Qe7 29. Qd2 Rd6 30. Qe1 Re6 31. Qd2 Re2 32. Qd1 Qe5 33. Rd3 f3 34. Rxf3 Qxh2 35. Rh3 Qe5 36. Rd3 Qe4 37. Rd2 Qh4 0-1

[Event "Winnipeg TNT March op"]
[Site "Winnipeg"]
[Date "2014.03.11"]
[Round "2.4"]
[White "Evans, Jason"]
[Black "Atem, James"]
[Result "0-1"]
[WhiteElo "1514"]
[BlackElo "1863"]
[PlyCount "64"]
[EventDate "2014.03.04"]
[EventType "swiss"]
[EventRounds "4"]
[EventCountry "CAN"]
[SourceTitle "EXT 2022"]
[Source "ChessBase"]
[SourceDate "2021.10.06"]
[SourceVersion "1"]
[SourceVersionDate "2021.10.06"]
[SourceQuality "1"]

1. e4 d6 2. Nf3 e5 3. d3 Be7 4. Be2 Nc6 5. c3 f5 6. Nbd2 Nf6 7. a3 f4 8. b4 Bd7 9. Bb2 a6 10. c4 0-0 11. Qb3 Qc8 12. d4 exd4 13. Nxd4 Nxd4 14. Bxd4 Ng4 15. 0-0 Bf6 16. Nf3 c5 17. Bc3 cxb4 18. axb4 Re8 19. Bd3 b5 20. Bxf6 Nxf6 21. Rac1 Qb7 22. cxb5+ Be6 23. Bc4 Qxe4 24. Ng5 Bxc4 25. Rxc4 Qd5 26. Nf3 axb5 27. Rc3 Qxb3 28. Rxb3 Re4 29. Rd1 h6 30. h3 d5 31. Kf1 Ra4 32. Rd4 Ra1+ 0-1

[Event "Winnipeg TNT February op"]
[Site "Winnipeg"]
[Date "2014.02.25"]
[Round "4.4"]
[White "Faraj, Raphael"]
[Black "Evans, Jason"]
[Result "0-1"]
[WhiteElo "1598"]
[BlackElo "1288"]
[PlyCount "98"]
[EventDate "2014.02.04"]
[EventType "swiss"]
[EventRounds "4"]
[EventCountry "CAN"]
[SourceTitle "EXT 2022"]
[Source "ChessBase"]
[SourceDate "2021.10.06"]
[SourceVersion "1"]
[SourceVersionDate "2021.10.06"]
[SourceQuality "1"]

1. d4 Nf6 2. e3 e6 3. Nf3 d5 4. c4 Bb4+ 5. Bd2 a5 6. Bxb4 axb4 7. Ne5 Nbd7 8. cxd5 Nxe5 9. dxe5 Nxd5 10. Qg4 0-0 11. Be2 b6 12. 0-0 Ba6 13. Bxa6 Rxa6 14. Rd1 Qa8 15. a3 Rd8 16. h3 Qc6 17. e4 Qc2 18. exd5 Raa8 19. Nd2 Rxd5 20. Qxb4 Rad8 21. Rac1 Qf5 22. Rxc7 Qxe5 23. Rc2 g6 24. Qg4 Rxd2 25. Rdxd2 Qe1+ 26. Kh2 Rxd2 27. Rxd2 Qxd2 28. f3 Qxb2 29. a4 e5 30. h4 Qd4 31. Kg3 Qxg4+ 32. fxg4 f5 33. Kf3 Kf7 34. g3 Ke6 35. gxf5+ gxf5 36. h5 Kd5 37. h6 Kd4 38. g4 e4+ 39. Kf4 fxg4 40. Kf5 e3 41. Kf6 e2 42. Kg7 e1Q 43. Kxh7 Qe4+ 44. Kg7 g3 45. h7 Qxh7+ 46. Kxh7 g2 47. a5 bxa5 48. Kh6 g1Q 49. Kh5 Ke4 0-1

[Event "Ebbw Vale sim"]
[Site "Ebbw Vale"]
[Date "1998.02.15"]
[Round "?"]
[White "Evans, Jason"]
[Black "Adams, Michael"]
[Result "0-1"]
[WhiteElo "1715"]
[BlackElo "2670"]
[PlyCount "34"]
[EventDate "1998.02.15"]
[EventType "simul"]
[EventRounds "1"]
[EventCountry "ENG"]
[SourceTitle "EXT 2003"]
[Source "ChessBase"]
[SourceDate "2002.11.25"]
[SourceVersion "1"]
[SourceVersionDate "2002.11.25"]
[SourceQuality "1"]

1. e4 e5 2. Nf3 Nc6 3. Bb5 a6 4. Ba4 Nf6 5. 0-0 b5 6. Bb3 Bc5 7. d3 d6 8. a4 Rb8 9. Bg5 h6 10. Bh4 g5 11. Nxg5 hxg5 12. Bxg5 Rg8 13. h4 Bg4 14. Qd2 Nd4 15. Nc3 Qd7 16. Bxf6 Bf3 17. Bxf7+ Kxf7 0-1